| 000 | 01502nam a22004217a 4500 | ||
|---|---|---|---|
| 003 | AR-RoUNA | ||
| 005 | 20260514115724.0 | ||
| 008 | 260514b |||||||| |||| 00| 0 spa d | ||
| 040 |
_aAR-RoUNA _bspa _dAR-RoUNA |
||
| 041 |
_aspa _heng |
||
| 044 | _aag | ||
| 245 | 1 | 0 |
_aHispanofilia : _bel revival español en la arquitectura y la vida en Puerto Rico, 1898-1950 = Hispanophilia : the Spanish revival in architecture and life in Puerto Rico, 1898-1950 / _ccurador Enrique Vivoni Farage; Archivo de Arquitectura y Construcción de la Universidad de Puerto Rico, Escuela de Arquitectura. |
| 260 |
_aPuerto Rico : _bCatalog design, _c[1992] |
||
| 300 |
_a58 p.: _bfot. byn. _c30x22 cm |
||
| 505 | 0 | _tCONTENIDO | |
| 505 | 0 | _tPrefacio p.7 | |
| 505 | 0 | _tIntroducción p.13 | |
| 505 | 0 | _t¿Qué es un revival? p.14 | |
| 505 | 0 | _tFin de siglo p.19 | |
| 505 | 0 | _tLa Guerra Hispano-cubano-americana p.22 | |
| 505 | 0 | _tLa misión p.24 | |
| 505 | 0 | _tEl Capitolio p.32 | |
| 505 | 0 | _tPrimera Guerra Mundial p.36 | |
| 505 | 0 | _tLa danza de los millones p.38 | |
| 505 | 0 | _tAlma de la hispanofilia p.44 | |
| 505 | 0 | _tSegunda guerra mundial p.52 | |
| 505 | 0 | _tEl acaso p.54 | |
| 650 | 4 | _aHistoria | |
| 650 | 4 | _aGuerras | |
| 650 | 4 |
_aGuerra-Hispano _xCubano-Americana |
|
| 653 | _aRevival | ||
| 700 | 1 |
_aVivoni Farage, Enrique _ecur |
|
| 908 | _aImp | ||
| 930 | _e12328 | ||
| 942 |
_2ddc _cLIB |
||
| 945 |
_aMIA _d2026-05-14 |
||
| 980 |
_61 _aMaricel Allasia _81 _gMaricel Allasia |
||
| 999 |
_c12410 _d12410 |
||